Online Catalogue and eLibrary

Globalisation of capital (Record no. 2719)

MARC details
000 -LEADER
fixed length control field 00449nam a2200181Ia 4500
005 - DATE AND TIME OF LATEST TRANSACTION
control field 20240510023851.0
008 - FIXED-LENGTH DATA ELEMENTS--GENERAL INFORMATION
fixed length control field 240331s9999 xx 000 0 und d
020 ## - INTERNATIONAL STANDARD BOOK NUMBER
ISBN
082 ## - DDC Classification
Item Number - Author Mark GLO
Class No. 332
245 #0 - TITLE STATEMENT
Title Globalisation of capital
260 ## - PUBLICATION, DISTRIBUTION, ETC.
Place of publication, distribution, etc. New Delhi
Name of publisher, distributor, etc. A Lal Parcham - Lok Dasta Publication
Date of publication, distribution, etc. 1997
300 ## - PHYSICAL DESCRIPTION
Extent (e.g. Volumes, Pages etc.) 261 p .,
650 ## - SUBJECT ADDED ENTRY--TOPICAL TERM
Topical term or geographic name entry element Social
650 ## - SUBJECT ADDED ENTRY--TOPICAL TERM
Topical term or geographic name entry element Political
700 ## - ADDED ENTRY--PERSONAL NAME
Personal name Parcham, Lal
Relator term (Role) Editor
700 ## - ADDED ENTRY--PERSONAL NAME
Personal name Dasta, Lok
Relator term (Role) Editor
942 ## - Koha item type (Biblio)
Koha item type Books in Stacks (Lending)
Holdings
Lost status Damaged status Collection code Home library Current library Shelving location Date acquired Full call number Accession Number Item type
    Lending WERC Library WERC Library Social Science Cupboard 03/31/2024 332. GLO 2440 Books in Stacks (Lending)

© WERC Library